000 00535nam a2200169 i 4500
001 74841
003 ES-MaACL
005 20230906172249.0
007 t|
008 040921s1923 xxk ||||1| eng d
100 1 _aGordon, Jan.
_959158
245 1 0 _aModern french painters /
_cby Jan Gordon.
260 _aLondon :
_bJohn Lane,
_c1923 (
_fWilliam Clowes and Sons)
300 _aXII, 188 p., 40 lám. ;
_c26 cm.
650 4 _aPintura francesa-
_yS.XX.
_9161970
852 _aES-MaACL
_jC-28947
_bR.57019
_z.- Donat. José Antonio Llardent
999 _c74841
_d74841